Tārīkh Īrān /

محفوظ في:

المؤلف الرئيسي: Shāhīn Makāryūs, 1853-1910 (مؤلف)

التنسيق: كتاب

اللغة: Arabic

منشور في: al-Qāhirah : Maṭbaʻt al-Muqtaṭaf, 1898.

الموضوعات:

الوسوم: إضافة وسم

لا توجد وسوم, كن أول من يضع وسما على هذه التسجيلة!

رقم الطلب: DS272 .M35 1898

LEADER 00923nam a2200229Ia 4500
003 OSt
005 20230501102506.0
008 130303s1898 ua g 000 0 ara d
952 |0 0  |1 0  |2 lcc  |4 0  |6 DS0272 M35 01898  |7 1  |9 47157  |a ARCE  |b ARCE  |d 2023-05-01  |l 0  |o DS272 .M35 1898  |p 1021142  |r 2023-05-01 00:00:00  |w 2023-05-01  |y BK 
999 |c 28848  |d 28848 
040 |c ARCE Library 
043 |a a-ir--- 
050 4 |a DS272 .M35 1898 
100 0 |6 880-01  |a Shāhīn Makāryūs,  |d 1853-1910,  |e author 
245 1 0 |6 880-02  |a Tārīkh Īrān /   |c Shāhīn Makāryūs. 
264 1 |a al-Qāhirah :   |b Maṭbaʻt al-Muqtaṭaf,   |c 1898. 
300 |a 263 pages ;   |c 25 cm. 
651 0 |a Iran  |x History. 
880 0 |6 100-01/(3/r  |a شاهين مكاريوس‪‪‪‪‪‪‪‪‪‪‪‪‪  |d 1853-1910. 
880 1 0 |6 245-02/(3/r  |a تاريخ إيران   |c شاهين مكاريوس‪‪‪‪‪‪‪‪‪‪‪‪‪ 
901 |a reviewed 
942 |c BK  |2 lcc